[Event "Mecklenburg VP-ch U10"]
[Site "Malchow"]
[Date "2010.02.??"]
[Round "6.2"]
[White "Sadewasser, Lucie"]
[Black "Retzlaff, Tobias"]
[Result "1-0"]
[WhiteElo "1173"]
[BlackElo "881"]
[PlyCount "101"]
[EventDate "2010.02.10"]
[EventType "swiss"]
[EventRounds "7"]
[EventCountry "GER"]
[SourceTitle "EXT 2022"]
[Source "ChessBase"]
[SourceDate "2021.10.06"]
[SourceVersion "1"]
[SourceVersionDate "2021.10.06"]
[SourceQuality "1"]

1. e4 e5 2. Nf3 Nc6 3. Bb5 Bc5 4. Nc3 Nf6 5. Nxe5 a6 6. Bxc6 dxc6 7. d3 0-0 8. Bg5 Be6 9. Qf3 Be7 10. Be3 c5 11. h3 b5 12. Ng4 c4 13. 0-0-0 cxd3 14. Rxd3 Qc8 15. Nxf6+ Bxf6 16. Nd5 Bxd5 17. Rxd5 c6 18. Rf5 Qe6 19. b3 a5 20. Bg5 Bxg5+ 21. Rxg5 Qh6 22. Qe3 a4 23. Rg3 Qxe3+ 24. Rxe3 c5 25. Rc3 Rfc8 26. Rd1 Ra7 27. bxa4 bxa4 28. Rxc5 Re8 29. Re5 Rf8 30. Red5 Raa8 31. c4 g6 32. c5 Kg7 33. c6 Kf6 34. Rd7 Ra5 35. R1d6+ Ke5 36. Rd5+ Rxd5 37. exd5 Ra8 38. c7 Re8 39. d6 Ra8 40. Rd8 Ra5 41. c8Q Kd5 42. Qb7+ Ke5 43. Re8+ Kf5 44. Qf3+ Kg5 45. d7 Rc5+ 46. Kb2 Rb5+ 47. Ka1 Rc5 48. d8Q+ Kh6 49. Qf4+ g5 50. Qdf6+ Kh5 51. Qg4# 1-0